Państwa powiązane z Mercosur - nagła śmierć - Statystyki

Ogólne statystyki
  • Ten quiz został rozwiązany 24 razy
  • Średni wynik to 7 z 14
Answers on the Grid
Answers color-coded by a green-red scale on the quiz's grid according to % correct below.
Argentyna
Australia
Bahamy
Boliwia
Brazylia
Chile
Ekwador
Gujana
Honduras
Jamajka
Kanada
Kolumbia
Kostaryka
Kuba
Meksyk
Nikaragua
Nowa Zelandia
Panama
Paragwaj
Peru
Surinam
Trynidad i Tobago
Urugwaj
Wenezuela
 
Statystyki odpowiedzi
Odpowiedź % Poprawnych
Argentyna
80%
Brazylia
70%
Kolumbia
70%
Paragwaj
60%
Boliwia
50%
Ekwador
50%
Meksyk
50%
Peru
50%
Urugwaj
50%
Wenezuela
50%
Chile
40%
Gujana
40%
Surinam
40%
Nowa Zelandia
0%
Nie znaleziono quizów pasujących do podanych kryteriów
Rozkład punktacji
Procent ludzi z każdym wynikiem
Percentyl według liczby udzielonych odpowiedzi
Twoja historia wyników
Nie rozwiązałeś tego quizu